| 000 | 00977nam a2200229 a 4500 | ||
|---|---|---|---|
| 001 | 000036451 | ||
| 005 | 20200930075734.0 | ||
| 008 | 120118s1984 sp 000 0 spa d | ||
| 020 | _a8425506824 | ||
| 040 |
_aDO-SdBNP _bspa _cBNPHU |
||
| 082 |
_axxxx _bA111 |
||
| 100 | 1 |
_aAaker, David A. _962667 |
|
| 245 | 1 | 0 |
_aManagement de la publicidad : _bperspectivas prácticas / _cDavid A. Aaker, John G. Myers ; prólogo por Josep Chías i Suriol ; edición compilada y adaptada por Roberto M. Alvarez del Blanco traducida por María A. Salerno de Alvarez y Roberto M. Alvarez del Blanco. |
| 260 |
_aBarcelona : _bEditorial Hispano Europea, _c1984. |
||
| 300 |
_av. : _bils., retr. ; _c22 cm. |
||
| 490 | 1 |
_aEsade _aEstudios de la empresa |
|
| 500 | _aLa biblioteca posee el tomo 2 | ||
| 700 | 1 |
_aMyers, John G. _962668 |
|
| 700 | 1 |
_aChías i Suriol, Josep., _epról. _962669 |
|
| 700 | 1 |
_aAlvarez del Blanco, Roberto M., _eed. _962670 |
|
| 830 | 0 |
_aESADE _pEstudios de la empres _962671 |
|
| 999 |
_c35942 _d35942 |
||